000 00607nam a2200157 ca4500
001 000030503
003 RuMoIPM
005 20260506133422.0
008 260506s ur ||||| |||| 00| 0 rus d
040 _aRuMoIPM
_brus
_ercr
041 _arus
044 _aru
245 1 0 _a1980
773 1 8 _aТбилисский государственный университет
_dТбилиси: Изд-во ТГУ
_tДоклады расширенных заседаний семинара Института прикладной математики имени И. Н. Векуа
_w000030501
_x1512-0058
942 _cCR
999 _c30503
_d30503